Statistics for NHL awards winners 2018

Click here to take the quiz!

General Stats

  • This quiz has been taken 65 times
  • The average score is 6 of 15

Answer Stats

AwardWinner% Correct
Ted Lindsay AwardConnor McDavid
84%
Maurice Richard Trophy/ Top Goal ScorerAlexander Ovechkin
77%
Vezina Trophy/ GoaliePekka Rinne
66%
Norris Trophy/ DefenseVictor Hedman
66%
Hart Throphy/ MVPTaylor Hall
64%
Selke Trophy/ Defensive forwardAnže Kopitar
48%
Calder Trophy/ RookieMathew Barzal
46%
Lady Byng Memorial TrophyWilliam Karlsson
38%
Jack Adams Award/ CoachGerard Gallant
34%
King Clancy Memorial TrophyDaniel Sedin and Henrik Sedin
27%
General Manager of the YearGeorge McPhee
25%
William M. Jennings Trophy/ Fewest Goals Scored AgainstJonathan Quick
23%
Masterton TrophyBrian Boyle
20%
Mark Messier NHL Leadership AwardDeryk Engelland
9%
Willie O'Ree Community Hero AwardDarcy Haugan
2%

Score Distribution

Percentile by Number Answered

Percent of People with Each Score

Your Score History

You have not taken this quiz